| 000 | 01264nam1a22003251i 4500 | ||
|---|---|---|---|
| 001 | rc\2134452 | ||
| 005 | 20260406162908.0 | ||
| 035 | _a(NLR Aleph) 009036617 | ||
| 090 |
_a9523834 _c9523834 |
||
| 100 | _a20110829g1978 |||y0rusy50 ca | ||
| 101 | 1 |
_arus _ceng |
|
| 102 | _aRU | ||
| 105 | _ay z |||a| | ||
| 200 | 1 |
_aАмериканская трагедия _eРоман в 2 ч. _fТеодор Драйзер _gПер. с англ. З. Вершининой, Н. Галь |
|
| 210 |
_aМосква _cХудож. лит. _d1978- |
||
| 215 | _d26 | ||
| 606 |
_aСуд в США (х. л.) _2psbo |
||
| 606 |
_aБуржуазия в США (х. л.) _2psbo |
||
| 607 |
_aСША (х. л.) _z20 в. _2psbo |
||
| 700 | 1 |
_7ca _8rus _aДрайзер _bТ. _f1871-1945 _gТеодор _9113591 _3RU\NLR\AUTH\773596 |
|
| 702 | 1 |
_4730 _7ca _8rus _aГаль _bН. _f1912-1991 _gНора _9119533 _3RU\NLR\AUTH\779722 |
|
| 702 | 1 |
_4730 _7ca _8rus _aВершинина _bЗ. А. _f1873-1942 _gЗинаида Андреевна _9103064 _3RU\NLR\AUTH\77120139 |
|
| 801 | 0 |
_aRU _bNLR _gpsbo |
|
| 801 | 1 |
_aRU _bELAR _2rusmarc |
|
| 801 | 2 |
_aRU _bNLR _c20130208 _2rusmarc |
|
| 852 |
_aNLR _j78-7/1288 |
||
| 899 |
_aRuMoRGB _jБ 78-48/237 |
||
| 899 |
_aRuMoRGB _jБ 78-48/239 |
||
| 942 | _cBOOK | ||